Library Banner

East Pakistan the end game (Record no. 68161)

MARC details
000 -LEADER
fixed length control field 00453nam a22001577a 4500
005 - DATE AND TIME OF LATEST TRANSACTION
control field 20150325103029.0
008 - FIXED-LENGTH DATA ELEMENTS--GENERAL INFORMATION
fixed length control field 150325b xxu||||| |||| 00| 0 eng d
020 ## - INTERNATIONAL STANDARD BOOK NUMBER
International Standard Book Number 0195799933
040 ## - CATALOGING SOURCE
Transcribing agency PK-LaUMT
082 ## - DEWEY DECIMAL CLASSIFICATION NUMBER
Classification number KHC 954.92
Item number ABD-E
100 ## - MAIN ENTRY--PERSONAL NAME
Personal name Abdul Rahman Siddiqi
245 ## - TITLE STATEMENT
Title East Pakistan the end game
Remainder of title an onlooker's journal 1969-71
Statement of responsibility, etc Abdul Rahman Siddiqi
260 ## - PUBLICATION, DISTRIBUTION, ETC. (IMPRINT)
Place of publication, distribution, etc Karachi
Name of publisher, distributor, etc Oxford University Press
Date of publication, distribution, etc 2004
300 ## - PHYSICAL DESCRIPTION
Extent 260 p.
942 ## - ADDED ENTRY ELEMENTS (KOHA)
Koha item type Books
Holdings
Withdrawn status Lost status Damaged status Home library Current library Date acquired Full call number Barcode Date last seen Price effective from Koha item type
      UMT Main Campus UMT Main Campus 2015-03-25 KHC 954.92 ABD-E 68536 2018-11-27 2015-03-25 Books